[Event "NOR-ch"]
[Site "Fredrikstad"]
[Date "2003.07.05"]
[Round "2"]
[White "Ostenstad, Berge"]
[Black "Carlsen, Magnus"]
[Result "1-0"]
[WhiteElo "2469"]
[BlackElo "2385"]
[PlyCount "91"]
[EventDate "2003.07.04"]
[EventType "tourn"]
[EventRounds "9"]
[EventCountry "NOR"]

1. c4 Nf6 2. d4 g6 3. Nc3 d5 4. cxd5 Nxd5 5. g3 Bg7 6. Bg2 Nxc3 7. bxc3 O-O 8.
e3 c5 9. Ne2 Nc6 10. O-O Bg4 11. h3 Bd7 12. Rb1 Na5 13. Ba3 cxd4 14. cxd4 Rc8
15. Qd3 b5 16. Rfd1 a6 17. Bc5 Nc4 18. a4 Nd6 19. Nc3 Bf5 20. e4 Be6 21. axb5
axb5 22. Qe3 Qd7 23. Kh2 Bc4 24. e5 Nf5 25. Qe4 f6 26. Nd5 fxe5 27. Nb6 Qc7 28.
Nxc8 Qxc8 29. Rdc1 exd4 30. Bb4 Qd7 31. Ra1 d3 32. Ra8 Rxa8 33. Qxa8+ Kf7 34.
Bc6 d2 35. Rd1 Qd3 36. Rxd2 Qb3 37. Be8+ Kf6 38. Qa1+ Ke6 39. Qe1+ Kf6 40. Qa1+
e5 41. Bc3 Ke7 42. Qa7+ Kf6 43. Qa1 Ke7 44. Bxe5 Bd5 45. Bxg7 Qf3 46. Qe5+ 1-0

[Event "NOR-ch"]
[Site "Fredrikstad"]
[Date "2003.07.04"]
[Round "1"]
[White "Carlsen, Magnus"]
[Black "Gabrielsen, Stig"]
[Result "1-0"]
[WhiteElo "2385"]
[BlackElo "2269"]
[PlyCount "35"]
[EventDate "2003.07.04"]
[EventType "tourn"]
[EventRounds "9"]
[EventCountry "NOR"]

1. e4 c5 2. Nf3 e6 3. b3 b6 4. d4 cxd4 5. Nxd4 Bb7 6. Qe2 Nc6 7. Nxc6 dxc6 8.
Bb2 Bb4+ 9. Nd2 Nf6 10. O-O-O Qc7 11. Nc4 b5 12. e5 Nd5 13. Nd6+ Bxd6 14. exd6
Qxd6 15. Bxg7 Rg8 16. Be5 Qa3+ 17. Bb2 Qxa2 18. Rxd5 1-0

[Event "Barents Region-chA"]
[Site "Alta"]
[Date "2003.06.21"]
[Round "4"]
[White "Carlsen, Magnus"]
[Black "Andersen, Alf Roger"]
[Result "1-0"]
[WhiteElo "2315"]
[BlackElo "2165"]
[PlyCount "83"]
[EventDate "2003.06.20"]
[EventType "swiss"]
[EventRounds "6"]
[EventCountry "NOR"]

1. d4 g6 2. e4 Bg7 3. Nc3 c6 4. Nf3 d6 5. Be3 b5 6. Bd3 Nd7 7. Qd2 Nb6 8. b3
Bg4 9. Ng1 d5 10. e5 h5 11. h3 Bc8 12. f4 Nh6 13. Nf3 a5 14. O-O Nf5 15. Bf2 e6
16. a4 b4 17. Ne2 Bf8 18. Bxf5 gxf5 19. Bh4 Qc7 20. Rfc1 Ba6 21. c3 Rc8 22. Be1
Be7 23. cxb4 axb4 24. Bh4 Bf8 25. Ne1 Nd7 26. Nd3 Qb6 27. Bf2 Be7 28. Rc2 Qb7
29. Kh2 Kf8 30. Rac1 Kg7 31. Ng1 Kh6 32. Nf3 Rc7 33. Bh4 Bxh4 34. Nxh4 Bxd3 35.
Qxd3 Rhc8 36. Qg3 c5 37. Qg5+ Kh7 38. Qxh5+ Kg7 39. g4 Rg8 40. gxf5 Kf8 41.
Qh6+ Ke7 42. fxe6 1-0

[Event "Barents Region-chA"]
[Site "Alta"]
[Date "2003.06.20"]
[Round "1"]
[White "Hansen, Victor"]
[Black "Carlsen, Magnus"]
[Result "1/2-1/2"]
[WhiteElo "2119"]
[BlackElo "2315"]
[PlyCount "111"]
[EventDate "2003.06.20"]
[EventType "swiss"]
[EventRounds "6"]
[EventCountry "NOR"]

1. c4 Nf6 2. Nc3 e6 3. d4 Bb4 4. Bg5 b6 5. Nf3 Bb7 6. e3 h6 7. Bh4 Bxc3+ 8.
bxc3 d6 9. Bd3 Nbd7 10. O-O g5 11. Bg3 Nh5 12. Nd2 Nxg3 13. fxg3 Qe7 14. Qh5
Nf6 15. Rxf6 Qxf6 16. Rf1 Qe7 17. Rxf7 Qxf7 18. Bg6 Rf8 19. Qxh6 Kd7 20. Bxf7
Rxf7 21. Qxg5 Raf8 22. e4 Bxe4 23. Qe3 Bb7 24. g4 e5 25. d5 c6 26. dxc6+ Bxc6
27. h3 Kc7 28. g5 Rf4 29. g3 R4f5 30. h4 e4 31. Qd4 Re5 32. Nf1 e3 33. Nxe3 Rf3
34. Nd5+ Kb7 35. Kg2 Rfe3 36. Qf4 R3e4 37. Qf7+ Re7 38. Qf5 R4e5 39. Qd3 b5 40.
Kf2 Rf7+ 41. Nf4 Rfe7 42. g6 bxc4 43. Qxc4 Rb5 44. Nd3 Rf5+ 45. Kg1 Re3 46. Nf4
Rxg3+ 47. Kh2 Rg4 48. Qb4+ Rb5 49. Qxd6 Rf5 50. Qb4+ Kc8 51. Qd6 Kb7 52. Qe7+
Kb6 53. Qe3+ Kb7 54. Qe7+ Kb6 55. Qe3+ Kb7 56. Qe7+ 1/2-1/2

[Event "Barents Region-chA"]
[Site "Alta"]
[Date "2003.06.20"]
[Round "2"]
[White "Carlsen, Magnus"]
[Black "Nordahl, Helge Andreas"]
[Result "1/2-1/2"]
[WhiteElo "2315"]
[BlackElo "2330"]
[PlyCount "77"]
[EventDate "2003.06.20"]
[EventType "swiss"]
[EventRounds "6"]
[EventCountry "NOR"]

1. e4 c5 2. Nf3 d6 3. d4 Nf6 4. Nc3 cxd4 5. Qxd4 a6 6. Bg5 Nc6 7. Qd2 e6 8.
O-O-O b5 9. Qe3 Be7 10. e5 Ng4 11. Qf4 Ngxe5 12. Bxe7 Qxe7 13. Ne4 O-O 14. Nxd6
Nxf3 15. Qxf3 Bb7 16. Bd3 f5 17. Nxb7 Qxb7 18. Rhe1 Rae8 19. g4 Qc7 20. gxf5
Ne5 21. Qg3 Nxd3+ 22. Rxd3 Qxg3 23. hxg3 exf5 24. Rxe8 Rxe8 25. Kd2 Kf7 26. a4
bxa4 27. Rd5 g6 28. Ra5 Rb8 29. Rxa4 Rxb2 30. Rxa6 h5 31. Rc6 Kg7 32. Kd3 Rb4
33. c4 g5 34. Kd4 Rb2 35. Ke3 Rb3+ 36. Ke2 Rb2+ 37. Kf3 Rb3+ 38. Kg2 Rc3 39. c5
1/2-1/2

[Event "NOR-chT"]
[Site "Asker"]
[Date "2003.06.01"]
[Round "5"]
[White "Carlsen, Magnus"]
[Black "Heim, Sverre"]
[Result "1/2-1/2"]
[WhiteElo "2315"]
[BlackElo "2399"]
[PlyCount "74"]
[EventDate "2003.05.28"]
[EventType "team"]
[EventRounds "5"]
[EventCountry "NOR"]

1. e4 c5 2. Nf3 Nc6 3. Bb5 g6 4. c3 Nf6 5. e5 Nd5 6. d4 cxd4 7. Qb3 Nc7 8. Bc4
Ne6 9. cxd4 Na5 10. Qc3 Nxc4 11. Qxc4 Qc7 12. Qc3 d5 13. O-O Bd7 14. Qb3 Qb6
15. Qxb6 axb6 16. Nc3 Nc7 17. Bg5 h6 18. Be3 e6 19. Rfc1 Be7 20. Nd2 Bc6 21.
Kf1 Kd7 22. Ke2 b5 23. a3 b4 24. axb4 Bxb4 25. Nb3 b6 26. Rxa8 Nxa8 27. Bd2 Nc7
28. Ra1 h5 29. Na4 Bxa4 30. Rxa4 Be7 31. Kd3 Ra8 32. Rxa8 Nxa8 33. Nc1 Nc7 34.
g3 Kc6 35. Ne2 Kb5 36. Nc3+ Kc6 37. h3 Na6 1/2-1/2

[Event "NOR-chT"]
[Site "Asker"]
[Date "2003.05.31"]
[Round "4"]
[White "Hole, Oystein"]
[Black "Carlsen, Magnus"]
[Result "1/2-1/2"]
[WhiteElo "2247"]
[BlackElo "2315"]
[PlyCount "114"]
[EventDate "2003.05.28"]
[EventType "team"]
[EventRounds "5"]
[EventCountry "NOR"]

1. Nf3 c5 2. c4 Nc6 3. e4 e5 4. Nc3 d6 5. g3 g6 6. d3 Bg7 7. Bg2 Nge7 8. O-O
O-O 9. Be3 Nd4 10. Ne1 Be6 11. h3 Qd7 12. Kh2 f5 13. exf5 gxf5 14. f4 exf4 15.
Bxf4 Ng6 16. Nd5 Kh8 17. Nc2 Bxd5 18. Bxd5 Nxf4 19. gxf4 Rae8 20. Nxd4 Bxd4 21.
Qh5 Qg7 22. Rae1 Rxe1 23. Rxe1 Bf2 24. Rf1 Bg3+ 25. Kh1 Qxb2 26. Bg2 Rg8 27.
Qxf5 Bxf4 28. Qe4 Be5 29. Rf7 Qc1+ 30. Bf1 Qh6 31. Qxb7 Qg6 32. Bg2 Qxd3 33.
Qxa7 d5 34. Qxc5 Qg3 35. Qg1 dxc4 36. Rf3 Qg6 37. Qf2 c3 38. Rf5 Qd6 39. Qc2
Rd8 40. Rf1 Qd3 41. Qxd3 Rxd3 42. Be4 Rxh3+ 43. Kg2 Rh2+ 44. Kf3 Rxa2 45. Rh1
Ra7 46. Rh5 Bd6 47. Rd5 Rf7+ 48. Ke3 Bf4+ 49. Kd3 Bd2 50. Bf5 Rf8 51. Rc5 Rf7
52. Rd5 Kg7 53. Rd7 Rxd7+ 54. Bxd7 Kf6 55. Ba4 Kg5 56. Ke2 Kg4 57. Kf2 h5
1/2-1/2

[Event "NOR-chT"]
[Site "Asker"]
[Date "2003.05.30"]
[Round "3"]
[White "Carlsen, Magnus"]
[Black "Gullaksen, Eirik T"]
[Result "1/2-1/2"]
[WhiteElo "2315"]
[BlackElo "2354"]
[PlyCount "59"]
[EventDate "2003.05.28"]
[EventType "team"]
[EventRounds "5"]
[EventCountry "NOR"]

1. d4 Nf6 2. Nf3 g6 3. c4 Bg7 4. Nc3 O-O 5. e4 d6 6. Be2 e5 7. O-O Nh5 8. Bg5
f6 9. Be3 Nf4 10. Bxf4 exf4 11. c5 dxc5 12. dxc5 c6 13. Bc4+ Kh8 14. Qxd8 Rxd8
15. Rfd1 Re8 16. e5 fxe5 17. Ng5 Bf6 18. Nf7+ Kg7 19. Nd6 Rf8 20. Nxc8 Rxc8 21.
Ne4 b5 22. Be2 Be7 23. a4 Na6 24. Rd7 Rc7 25. Rad1 Kf8 26. axb5 cxb5 27. Rxc7
Nxc7 28. Rd7 Ne6 29. Rd5 Nc7 30. Rd7 1/2-1/2

[Event "NOR-chT"]
[Site "Asker"]
[Date "2003.05.28"]
[Round "1"]
[White "Carlsen, Magnus"]
[Black "Snarheim, Dagfinn"]
[Result "1-0"]
[WhiteElo "2315"]
[BlackElo "2216"]
[PlyCount "71"]
[EventDate "2003.05.28"]
[EventType "team"]
[EventRounds "5"]
[EventCountry "NOR"]

1. e4 c5 2. Nf3 d6 3. d4 cxd4 4. Nxd4 Nf6 5. Nc3 g6 6. Be3 Bg7 7. f3 O-O 8. Qd2
Nc6 9. O-O-O Nxd4 10. Bxd4 Be6 11. g4 Qa5 12. Kb1 Rfc8 13. a3 Rab8 14. Ne2 Qa4
15. g5 Nh5 16. Bxg7 Nxg7 17. Nd4 b5 18. Qb4 Qa6 19. Nxe6 Nxe6 20. h4 Qb6 21. h5
Qf2 22. Bd3 Nxg5 23. hxg6 hxg6 24. e5 Nxf3 25. exd6 exd6 26. Qf4 b4 27. Qh6 Qd4
28. Bxg6 Qg7 29. Bh7+ Kh8 30. Qxd6 bxa3 31. Qxa3 Rc3 32. Bg6+ Kg8 33. Bxf7+
Kxf7 34. Qxa7+ Kf6 35. Rd6+ Kf5 36. Qxg7 1-0

[Event "NOR-ch U20 op 13th"]
[Site "Oslo"]
[Date "2003.04.18"]
[Round "5"]
[White "Carlsen, Magnus"]
[Black "Wallin, Denis"]
[Result "1-0"]
[WhiteElo "2315"]
[BlackElo "2101"]
[PlyCount "57"]
[EventDate "2003.04.??"]
[EventType "swiss"]
[EventRounds "9"]
[EventCountry "NOR"]

1. d4 g6 2. c4 Bg7 3. Nc3 c5 4. Nf3 cxd4 5. Nxd4 Nc6 6. Nc2 Nf6 7. g3 b6 8. Bg2
Bb7 9. O-O O-O 10. b3 Rc8 11. Bb2 d6 12. Nd5 Nxd5 13. Bxg7 Kxg7 14. cxd5 Nb8
15. Nd4 Qd7 16. Qd2 Rc5 17. b4 Rc4 18. Rac1 Rxc1 19. Rxc1 Na6 20. Nc6 Rc8 21.
Qd4+ Kg8 22. Bh3 f5 23. e4 Bxc6 24. dxc6 Qe6 25. exf5 gxf5 26. Qd3 Nxb4 27.
Bxf5 Qh6 28. Qc4+ d5 29. Qg4+ 1-0

[Event "NOR-ch U20 op 13th"]
[Site "Oslo"]
[Date "2003.04.17"]
[Round "6"]
[White "Ekeberg, Carl Fredrik"]
[Black "Carlsen, Magnus"]
[Result "0-1"]
[WhiteElo "2227"]
[BlackElo "2315"]
[PlyCount "84"]
[EventDate "2003.04.??"]
[EventType "swiss"]
[EventRounds "9"]
[EventCountry "NOR"]

1. Nf3 Nf6 2. c4 g6 3. Nc3 Bg7 4. e4 d6 5. d4 O-O 6. Be2 e5 7. O-O Nh5 8. g3
Bg4 9. Bg5 f6 10. Be3 Nc6 11. d5 Ne7 12. Qd2 Qd7 13. Ne1 Bxe2 14. Qxe2 f5 15.
exf5 Nxf5 16. Ne4 Nxe3 17. Qxe3 Nf6 18. Nd3 c6 19. dxc6 Qxc6 20. Nxf6+ Rxf6 21.
Rac1 Rf3 22. Qe2 Raf8 23. Nb4 Qc5 24. Nd5 e4 25. b4 Qd4 26. Ne3 h5 27. Rcd1 Qe5
28. Rd5 Qe6 29. Nd1 h4 30. Re1 hxg3 31. hxg3 Qh3 32. Qxe4 Rxg3+ 33. fxg3 Qxg3+
34. Kh1 Rf4 35. Qxf4 Qxf4 36. Re8+ Kf7 37. Rc8 Qf1+ 38. Kh2 Be5+ 39. Rxe5 dxe5
40. Rd8 Qf4+ 41. Kh3 Qf3+ 42. Kh2 Qh5+ 0-1

[Event "NOR-ch U20 op 13th"]
[Site "Oslo"]
[Date "2003.04.16"]
[Round "5"]
[White "Carlsen, Magnus"]
[Black "Vea, Odin Blikra"]
[Result "1-0"]
[WhiteElo "2315"]
[BlackElo "2017"]
[PlyCount "61"]
[EventDate "2003.04.??"]
[EventType "swiss"]
[EventRounds "9"]
[EventCountry "NOR"]

1. d4 f5 2. Nf3 g6 3. g3 Nf6 4. Bg2 Bg7 5. O-O d6 6. c4 O-O 7. Nc3 Qe8 8. d5 e5
9. dxe6 Qxe6 10. Nd5 Nxd5 11. cxd5 Qe7 12. Bg5 Qe8 13. Nd4 h6 14. Be3 Kh7 15.
Rc1 Na6 16. Ne6 Bxe6 17. dxe6 c6 18. Qxd6 Rd8 19. Qa3 Qxe6 20. Bxc6 bxc6 21.
Qxa6 f4 22. Bxf4 Rxf4 23. gxf4 Qg4+ 24. Kh1 Qxf4 25. Qxc6 Be5 26. Qg2 h5 27. e3
Qb4 28. Rc6 Rg8 29. f4 Bb8 30. Rg1 g5 31. Qc2+ 1-0

[Event "NOR-ch U20 op 13th"]
[Site "Oslo"]
[Date "2003.04.15"]
[Round "4"]
[White "Nithander, Victor"]
[Black "Carlsen, Magnus"]
[Result "0-1"]
[WhiteElo "2246"]
[BlackElo "2315"]
[PlyCount "154"]
[EventDate "2003.04.??"]
[EventType "swiss"]
[EventRounds "9"]
[EventCountry "NOR"]

1. e4 c5 2. Nf3 e6 3. d4 cxd4 4. Nxd4 Nf6 5. Nc3 Bb4 6. Ndb5 O-O 7. a3 Bxc3+ 8.
Nxc3 d5 9. e5 Nfd7 10. Qh5 Nc6 11. f4 f5 12. Bd3 Nc5 13. O-O Ne4 14. Nd1 Bd7
15. Be3 d4 16. Bf2 Ne7 17. Bh4 Bc6 18. Nf2 Nd2 19. Bxe7 Qxe7 20. Rfe1 Qc5 21.
Qh3 Nc4 22. Bxc4 Qxc4 23. Qd3 Qd5 24. Qg3 Rac8 25. Rad1 Rfd8 26. Rd2 Qb5 27. c3
dxc3 28. Qxc3 Bd5 29. Qe3 Rc4 30. b3 Rc6 31. b4 Rdc8 32. Rdd1 Rc3 33. Rc1 Qc4
34. Nd3 Rc2 35. Rxc2 Qxc2 36. Re2 Qd1+ 37. Re1 Qb3 38. Nc5 Qxe3+ 39. Rxe3 b6
40. Nb3 Rc2 41. Rg3 Rc4 42. Nd2 Rxf4 43. Rc3 a5 44. b5 g5 45. Rc8+ Kg7 46. Rb8
g4 47. Rxb6 Rd4 48. Nf1 Rd3 49. g3 Rxa3 50. Kf2 Rf3+ 51. Ke1 a4 52. Nd2 Rc3 53.
Ra6 a3 54. b6 Rc6 55. Rxa3 Rxb6 56. Re3 Kg6 57. Kf2 h5 58. Rc3 Rb2 59. Ke3 h4
60. Rc8 Ra2 61. Rg8+ Kf7 62. Rg5 Ra3+ 63. Kf2 hxg3+ 64. hxg3 Rd3 65. Nf1 Rf3+
66. Ke1 Bc4 67. Nd2 Re3+ 68. Kd1 Bd3 69. Nb3 Rxg3 70. Nc5 Bc4 71. Nb7 Bd5 72.
Nd6+ Kf8 73. Ke2 Rh3 74. Kf2 Rf3+ 75. Ke2 g3 76. Rg6 f4 77. Ke1 Re3+ 0-1

[Event "NOR-ch U20 op 13th"]
[Site "Oslo"]
[Date "2003.04.14"]
[Round "3"]
[White "Carlsen, Magnus"]
[Black "Mohammadi, Amir"]
[Result "1-0"]
[WhiteElo "2315"]
[BlackElo "2172"]
[PlyCount "57"]
[EventDate "2003.04.??"]
[EventType "swiss"]
[EventRounds "9"]
[EventCountry "NOR"]

1. e4 c5 2. Nf3 e6 3. b3 d6 4. Bb2 Nf6 5. e5 dxe5 6. Nxe5 a6 7. Qf3 Be7 8. Bd3
Nbd7 9. Qg3 O-O 10. f4 Nd5 11. Nc6 Bh4 12. Nxd8 Bxg3+ 13. hxg3 Rxd8 14. Bxh7+
Kf8 15. Be4 N5f6 16. Bf3 Ke7 17. g4 Rg8 18. g5 Ne8 19. Nc3 Rb8 20. O-O-O b5 21.
d4 cxd4 22. Rxd4 b4 23. Na4 a5 24. Rhd1 Nc7 25. c4 Nb6 26. Nxb6 Rxb6 27. R4d2
Na6 28. Bd4 Rb8 29. Ba7 1-0

[Event "NOR-ch U20 op 13th"]
[Site "Oslo"]
[Date "2003.04.13"]
[Round "2"]
[White "Fossum, Oystein Boyum"]
[Black "Carlsen, Magnus"]
[Result "0-1"]
[WhiteElo "2315"]
[BlackElo "2073"]
[PlyCount "38"]
[EventDate "2003.04.??"]
[EventType "swiss"]
[EventRounds "9"]
[EventCountry "NOR"]

1. b3 Nf6 2. Bb2 g6 3. c4 Bg7 4. g3 O-O 5. Bg2 d6 6. d4 c5 7. dxc5 Qa5+ 8. Qd2
Qxc5 9. e4 Nc6 10. Ne2 Bh3 11. b4 Qxc4 12. Na3 Nxe4 13. Nxc4 Nxd2 14. Bxc6 Nxc4
15. Bxg7 Kxg7 16. Bxb7 Rab8 17. Bd5 Rxb4 18. Nf4 Bf5 19. a3 Ra4 0-1

[Event "Gausdal Classics GM"]
[Site "Gausdal"]
[Date "2003.04.11"]
[Round "11"]
[White "Lie, Kjetil A"]
[Black "Carlsen, Magnus"]
[Result "1-0"]
[WhiteElo "2430"]
[BlackElo "2315"]
[PlyCount "117"]
[EventDate "2003.04.03"]
[EventType "tourn"]
[EventRounds "11"]
[EventCountry "NOR"]
[EventCategory "8"]

1. e4 c5 2. b3 b6 3. Bb2 Bb7 4. Nc3 Nc6 5. f4 e6 6. Nf3 d5 7. exd5 exd5 8. Qe2+
Nge7 9. d4 cxd4 10. Nb5 Qd7 11. Ne5 Nxe5 12. Qxe5 f6 13. Nd6+ Kd8 14. Nxb7+
Qxb7 15. Qxd4 Nf5 16. Qd3 Qe7+ 17. Be2 Qb4+ 18. c3 Qe4 19. O-O-O Kc7 20. Qxd5
Qxd5 21. Rxd5 Ne3 22. Rd3 Re8 23. Bf3 Bd6 24. g3 h5 25. Re1 Ng4 26. Red1 Rd8
27. R1d2 Rhe8 28. Bxg4 hxg4 29. Kd1 b5 30. Rd5 a6 31. R2d4 g6 32. c4 Kc6 33.
Rd2 Be7 34. Re2 Bc5 35. Rxe8 Rxe8 36. Bxf6 bxc4 37. bxc4 Bg1 38. Rg5 Bxh2 39.
Rxg4 Kc5 40. Rxg6 Kxc4 41. Be5 Kd3 42. Rxa6 Ke4 43. Ke2 Rg8 44. Ra4+ Kf5 45.
Kd3 Rxg3+ 46. Kc4 Rg2 47. Kb5 Rc2 48. a3 Ra2 49. Bd6 Rd2 50. Kc6 Rc2+ 51. Kd5
Rd2+ 52. Rd4 Ra2 53. a4 Bg3 54. Rc4 Bh2 55. Kc6 Ke6 56. Re4+ Kf5 57. Rb4 Bg3
58. Rb5+ Ke4 59. f5 1-0

[Event "Gausdal Classics GM"]
[Site "Gausdal"]
[Date "2003.04.10"]
[Round "10"]
[White "Carlsen, Magnus"]
[Black "Kristjansson, Stefan"]
[Result "1/2-1/2"]
[WhiteElo "2315"]
[BlackElo "2406"]
[PlyCount "46"]
[EventDate "2003.04.03"]
[EventType "tourn"]
[EventRounds "11"]
[EventCountry "NOR"]
[EventCategory "8"]

1. d4 e6 2. c4 Nf6 3. Nf3 b6 4. g3 Ba6 5. b3 Bb4+ 6. Bd2 Be7 7. Bg2 c6 8. O-O
d5 9. Ne5 Nfd7 10. Nxd7 Qxd7 11. Bc3 dxc4 12. Nd2 cxb3 13. axb3 O-O 14. Nc4 Bb7
15. e4 Bf6 16. e5 Be7 17. Ne3 Na6 18. f4 Nc7 19. f5 Bg5 20. Nc4 Nb5 21. Bb4
Rfd8 22. Qh5 Bh6 23. f6 c5 1/2-1/2

[Event "Gausdal Classics GM"]
[Site "Gausdal"]
[Date "2003.04.09"]
[Round "9"]
[White "Bluvshtein, Mark"]
[Black "Carlsen, Magnus"]
[Result "1/2-1/2"]
[WhiteElo "2451"]
[BlackElo "2315"]
[PlyCount "105"]
[EventDate "2003.04.03"]
[EventType "tourn"]
[EventRounds "11"]
[EventCountry "NOR"]
[EventCategory "8"]

1. e4 Nf6 2. e5 Nd5 3. d4 d6 4. c4 Nb6 5. exd6 exd6 6. Nc3 Nc6 7. h3 Be7 8. Nf3
Bf6 9. Be3 O-O 10. Rc1 Re8 11. b3 Bg5 12. Nxg5 Qxg5 13. d5 Ne5 14. Ne2 Qf6 15.
Qd2 Qh4 16. Qd4 Qf6 17. f4 Ned7 18. Qxf6 Nxf6 19. Kf2 Ne4+ 20. Kf3 c6 21. dxc6
bxc6 22. Nc3 Bf5 23. Bd3 Nd2+ 24. Bxd2 Bxd3 25. Rhe1 f5 26. Re3 Rxe3+ 27. Kxe3
Be4 28. c5 dxc5 29. Nxe4 Re8 30. Rxc5 Nd5+ 31. Ke2 Rxe4+ 32. Kf3 Rd4 33. Bc1
Rd3+ 34. Ke2 Rg3 35. Kf2 Rc3 36. Rxc3 Nxc3 37. Ke3 Kf7 38. Kd3 Nd5 39. g3 Ke6
40. Ba3 Nf6 41. Bc5 a6 42. Bd4 Ne4 43. Bxg7 Kd5 44. g4 fxg4 45. hxg4 Nf2+ 46.
Ke3 Nxg4+ 47. Kf3 Nh2+ 48. Kg2 Ng4 49. Kf3 Nh2+ 50. Kg3 Nf1+ 51. Kf2 Nh2 52. f5
Ke4 53. Kg3 1/2-1/2

[Event "Gausdal Classics GM"]
[Site "Gausdal"]
[Date "2003.04.08"]
[Round "7"]
[White "Kallio, Heikki"]
[Black "Carlsen, Magnus"]
[Result "1-0"]
[WhiteElo "2470"]
[BlackElo "2315"]
[PlyCount "96"]
[EventDate "2003.04.03"]
[EventType "tourn"]
[EventRounds "11"]
[EventCountry "NOR"]
[EventCategory "8"]

1. c4 Nf6 2. d4 e6 3. Nf3 b6 4. g3 Bb7 5. Bg2 Be7 6. O-O O-O 7. Nc3 Ne4 8. Bd2
Bf6 9. Rc1 Nxc3 10. Bxc3 Be4 11. Qd2 d5 12. c5 Nc6 13. b4 b5 14. Rfd1 Ne7 15.
Ra1 a6 16. a4 Qe8 17. Ra3 bxa4 18. Rda1 Qb5 19. Bf1 Nc6 20. Rxa4 Qb7 21. Qd1
Na7 22. e3 Nb5 23. Bb2 Bxf3 24. Qxf3 c6 25. Qe2 g6 26. Qc2 Ra7 27. Bd3 Kg7 28.
R1a2 Kg8 29. Qd1 Rfa8 30. h4 Bg7 31. h5 f5 32. hxg6 hxg6 33. Kg2 Kf7 34. Qe2
Qe7 35. Ra1 e5 36. dxe5 Bxe5 37. Rh1 Kg7 38. g4 Rg8 39. Rh3 Qf6 40. gxf5 gxf5
41. Bxe5 Qxe5 42. Qh5 Kf8+ 43. Kf3 Nc3 44. Qh6+ Rgg7 45. Ra1 Ne4 46. Rg1 Nd2+
47. Ke2 Ne4 48. Qh8+ Kf7 1-0

[Event "Gausdal Classics GM"]
[Site "Gausdal"]
[Date "2003.04.08"]
[Round "8"]
[White "Carlsen, Magnus"]
[Black "De Firmian, Nick E"]
[Result "0-1"]
[WhiteElo "2315"]
[BlackElo "2536"]
[PlyCount "118"]
[EventDate "2003.04.03"]
[EventType "tourn"]
[EventRounds "11"]
[EventCountry "NOR"]
[EventCategory "8"]

1. Nf3 Nf6 2. c4 c5 3. Nc3 Nc6 4. g3 b6 5. Bg2 Bb7 6. O-O e6 7. d4 Nxd4 8. Nxd4
Bxg2 9. Kxg2 cxd4 10. Qxd4 Be7 11. Rd1 O-O 12. b3 Qc7 13. Bb2 Rfd8 14. Qf4 Qxf4
15. gxf4 a6 16. Rd3 Rab8 17. a4 Kf8 18. Rad1 Rb7 19. Kf3 Ke8 20. e3 Rc8 21. e4
Nh5 22. Bc1 g6 23. Be3 Rc6 24. e5 Ng7 25. Ne2 Bc5 26. Nc3 Be7 27. Ne2 Rcc7 28.
Nd4 Bc5 29. Bd2 Rc8 30. Ke2 d6 31. exd6 Rd7 32. a5 Rxd6 33. Bc3 Nh5 34. Kf3
bxa5 35. Bxa5 Nf6 36. Ne2 Rxd3+ 37. Rxd3 Rb8 38. Bc7 Rb7 39. Be5 Nd7 40. Bd4
Bxd4 41. Nxd4 Nc5 42. Re3 Rb4 43. Ke2 a5 44. Nc6 Rxb3 45. Nxa5 Rb2+ 46. Kf3 Kd7
47. Re2 Rxe2 48. Kxe2 f6 49. Ke3 e5 50. fxe5 fxe5 51. f4 e4 52. Kd4 Kd6 53. h4
h5 54. Ke3 Kc7 55. Kd4 Kb6 56. Nb3 Nxb3+ 57. Kxe4 Nd2+ 58. Ke5 Nf3+ 59. Kd6
Nxh4 0-1

[Event "Gausdal Classics GM"]
[Site "Gausdal"]
[Date "2003.04.06"]
[Round "5"]
[White "Sarbok, Torsten"]
[Black "Carlsen, Magnus"]
[Result "1-0"]
[WhiteElo "2325"]
[BlackElo "2315"]
[PlyCount "100"]
[EventDate "2003.04.03"]
[EventType "tourn"]
[EventRounds "11"]
[EventCountry "NOR"]
[EventCategory "8"]

1. e4 Nf6 2. e5 Nd5 3. d4 d6 4. Nf3 dxe5 5. Nxe5 g6 6. Bc4 c6 7. O-O Bg7 8. c3
Nd7 9. Nxd7 Bxd7 10. Nd2 O-O 11. Nf3 Be6 12. Qe2 Nc7 13. Bf4 Bxc4 14. Qxc4 Ne6
15. Be5 Qd5 16. Qxd5 cxd5 17. Rfe1 f6 18. Bg3 Kf7 19. Re2 Nd8 20. Ne1 Rc8 21.
Nd3 e6 22. Rae1 Bh6 23. Kf1 Rc6 24. Nb4 Rc8 25. Bd6 Re8 26. Nxd5 Nc6 27. Nb4
Nxb4 28. Bxb4 Rcd8 29. g3 Bg7 30. b3 f5 31. Ba3 Bf6 32. Re3 Rd7 33. Ke2 Rc8 34.
Kd3 e5 35. Rxe5 Bxe5 36. Rxe5 h5 37. h4 f4 38. gxf4 Kg7 39. c4 Rf7 40. Ke4 Rd7
41. d5 b6 42. Be7 Kf7 43. d6 Rb7 44. Kd4 a5 45. f5 gxf5 46. Rxf5+ Ke6 47. Rxh5
Rg8 48. Rg5 Rh8 49. h5 Rh7 50. f4 Rxh5 1-0

[Event "Gausdal Classics GM"]
[Site "Gausdal"]
[Date "2003.04.05"]
[Round "3"]
[White "Westerinen, Heikki MJ"]
[Black "Carlsen, Magnus"]
[Result "1/2-1/2"]
[WhiteElo "2360"]
[BlackElo "2315"]
[PlyCount "90"]
[EventDate "2003.04.03"]
[EventType "tourn"]
[EventRounds "11"]
[EventCountry "NOR"]
[EventCategory "8"]

1. e4 c5 2. Nf3 Nc6 3. Bb5 e6 4. O-O Nge7 5. c3 a6 6. Ba4 d5 7. exd5 Nxd5 8. d4
Bd7 9. Re1 Be7 10. dxc5 O-O 11. c4 Nf6 12. Nc3 Bxc5 13. Be3 Bxe3 14. Rxe3 Qc7
15. Ne4 Nxe4 16. Rxe4 Rad8 17. Qe1 e5 18. Re3 f6 19. h3 Be6 20. Bxc6 Qxc6 21.
b3 Rd7 22. Rd1 Rfd8 23. Rxd7 Rxd7 24. Qc3 Bf5 25. Nh4 Be4 26. Qe1 Rd4 27. Qe2
b5 28. cxb5 axb5 29. Nf3 Bxf3 30. Qxf3 Qxf3 31. gxf3 b4 32. Re2 Kf7 33. Rc2 g5
34. Kg2 Kg6 35. Rc6 Kf5 36. Rb6 h5 37. Kg3 g4 38. hxg4+ hxg4 39. fxg4+ Rxg4+
40. Kf3 Rh4 41. Kg3 Rd4 42. Kf3 Rd2 43. Rxb4 Rxa2 44. Ke3 Rc2 45. f4 Rc3+
1/2-1/2

[Event "Gausdal Classics GM"]
[Site "Gausdal"]
[Date "2003.04.05"]
[Round "4"]
[White "Carlsen, Magnus"]
[Black "Lugovoi, Aleksei"]
[Result "1/2-1/2"]
[WhiteElo "2315"]
[BlackElo "2563"]
[PlyCount "54"]
[EventDate "2003.04.03"]
[EventType "tourn"]
[EventRounds "11"]
[EventCountry "NOR"]
[EventCategory "8"]

1. Nf3 Nf6 2. c4 e6 3. Nc3 d5 4. d4 c5 5. e3 cxd4 6. exd4 Bb4 7. Bd3 O-O 8. O-O
dxc4 9. Bxc4 b6 10. Bg5 Bxc3 11. bxc3 Nbd7 12. Ne5 Qc7 13. Nxd7 Nxd7 14. Bb3 h6
15. Be3 Ba6 16. Re1 Nf6 17. Qf3 Qxc3 18. Rac1 Qd3 19. Bc2 Qa3 20. Bb3 Rac8 21.
Rxc8 Rxc8 22. Bxh6 gxh6 23. Qxf6 Rc1 24. Qe5 Qb2 25. h3 Rxe1+ 26. Qxe1 Qxd4 27.
Qc1 Qe5 1/2-1/2

[Event "Gausdal Classics GM"]
[Site "Gausdal"]
[Date "2003.04.04"]
[Round "2"]
[White "Carlsen, Magnus"]
[Black "Paehtz, Elisabeth"]
[Result "1-0"]
[WhiteElo "2315"]
[BlackElo "2384"]
[PlyCount "97"]
[EventDate "2003.04.03"]
[EventType "tourn"]
[EventRounds "11"]
[EventCountry "NOR"]
[EventCategory "8"]

1. e4 c5 2. Nf3 Nc6 3. d4 cxd4 4. Nxd4 e5 5. Nb5 d6 6. N1c3 a6 7. Na3 b5 8. Nd5
Nf6 9. Nxf6+ Qxf6 10. c4 b4 11. Nc2 Qg6 12. Qd5 Bb7 13. Nxb4 Nd8 14. Qd1 Qxe4+
15. Be3 Be7 16. Nd5 Bh4 17. Qd3 Qxd3 18. Bxd3 Ne6 19. O-O Rc8 20. b4 e4 21. Be2
Bf6 22. Nxf6+ gxf6 23. Rac1 f5 24. f4 exf3 25. Bxf3 Be4 26. Bxe4 fxe4 27. Rf5
Rf8 28. a4 Ke7 29. b5 axb5 30. axb5 Ng7 31. Rd5 Ne6 32. Rf5 Ng7 33. Rf2 Ne6 34.
b6 f5 35. g3 Kd7 36. Rb2 Rb8 37. b7 Nd8 38. Rcb1 Nc6 39. Bf4 Rfe8 40. c5 Ne5
41. Rc2 dxc5 42. Rxc5 Nd3 43. Bxb8 Nxc5 44. Bf4 Na6 45. b8=Q Nxb8 46. Rxb8 Rxb8
47. Bxb8 Ke6 48. Kf2 Kf6 49. h4 1-0

[Event "Valle d'Aosta op 11th"]
[Site "Saint Vincent"]
[Date "2003.02.14"]
[Round "7"]
[White "Carlsen, Magnus"]
[Black "Vassallo Barroche, Mauricio"]
[Result "1/2-1/2"]
[WhiteElo "2279"]
[BlackElo "2443"]
[PlyCount "27"]
[EventDate "2003.02.08"]
[EventType "swiss"]
[EventRounds "9"]
[EventCountry "ITA"]

1. e4 g6 2. d4 Bg7 3. Nc3 c6 4. Be3 d6 5. Qd2 Nd7 6. f3 b5 7. O-O-O Bb7 8. h4
h5 9. Nh3 Qc7 10. Ng5 Ngf6 11. f4 b4 12. Ne2 c5 13. e5 cxd4 14. Nxd4 1/2-1/2